000 004520000a22001810004500
003 MACL
005 20150728133344.0
008 150728b xxu||||| |||| 00| 0 eng d
040 _aMACL
_cMACL
041 _aEnglish
082 _a333/HAZ
100 _aHazra, Amit
_92834
245 _aLand Reforms
_bMyths And Realities
260 _bConcept Publishing Company
_c2006
_aNew Delhi
350 _a400
650 _aEconomics
_92835
942 _cBK
_k333
_2ddc
999 _c8493
_d8493